• 首页
  • 本馆介绍
  • 公告通知
  • 最新文献
  • 馆藏检索
  • 电子资源
  • 读者导购
  • 参考咨询
  • 我的图书馆
  • 登录
  • 详细信息显示
  • 放入我的书架
  • 预约/预借图书
  • 作者相关作品
  • 分类相关作品
  • 丛书相关作品
  • 出版社相关作品

书目信息

  • 表格格式
  • 工作单格式
  • 卡片格式
题名:
基础护理学习题集
    
 
作者: 时连瑞 , 李肇第 主编
分册:  
出版信息: 济南   山东大学出版社  2011
页数: 270页
开本: 23cm
丛书名:
单 册:
中图分类: R47-44
科图分类:
主题词: 护理学--习题集
电子资源:
ISBN: 7-5331-1025-0
000 00861nam0 2200241 450
001 0102273072
005 20120305182957.0
010    @a7-5331-1025-0@dCNY26.00
100    @a20120208d2011 em y0chiy0120 ea
101 0  @achi
102    @aCN@b370000
105    @ay q 000yy
106    @ar
200 1  @a基础护理学习题集@9Ji Chu Hu Li Xue Xi Ti Ji @f时连瑞,李肇第主编@b专著
210    @a济南@c山东大学出版社@d2011
215    @a270页@d23cm
330    @a本书是与《基础护理学》配套的辅导教材,紧紧围绕各章的内容要求编写习题。全书共分21章,包括护士素质与角色、护理学的基本概念、护理程序、医院与住院环境、病人清洁的护理、饮食与营养、排泄护理、给药、冷热疗法等。
606 0  @a护理学@j习题集
690    @aR47-44@v5
701  0 @a时连瑞@9shi lian rui@4主编
701  0 @a李肇第@9li zhao di@4主编
801  0 @aCN@bZL@c20111117
905    @aBZT@dR47@e280@f1@sR47/280
    
    基础护理学习题集/时连瑞,李肇第主编.-济南:山东大学出版社,2011
    270页;23cm
    
    
    ISBN 7-5331-1025-0:CNY26.00
    本书是与《基础护理学》配套的辅导教材,紧紧围绕各章的内容要求编写习题。全书共分21章,包括护士素质与角色、护理学的基本概念、护理程序、医院与住院环境、病人清洁的护理、饮食与营养、排泄护理、给药、冷热疗法等。
●
相关链接 在五车中查询图书 在当当中查询图书 在豆瓣中查询图书


正题名:基础护理学习题集     索取号:R47/280         预约/预借

序号 登录号 条形码 馆藏地/架位号 状态 备注
1 2000048799   2000048799   旧书回溯/ [索取号:R47/280] 在馆    
山东省滨州职业学院图书馆 欢迎您!
大连网信软件有限公司© 版权所有